LEADER 00811naa a2200145 i 4500 001 000000302600 003 CaOOAMICUS 005 20180831172744.0 008 180831n xx u000 u und u 013 $a10334 040 $aSeMil$bita 100 1 $aNobile, Marco .$0(OLS)http://semarc/name/90544 245 10$aJes 6 und Ez 1,1 3,15 :$bVergleich und Funktion im jeweiligen reda .. [et al.]. Leuven : University Press ; Leuven : Uitgeverij Peet. 773 0 $aVermeylen, Jacques <1942-2014>$tBook of Isaiah.$dLeuven : University Press, 1989.$kBibliotheca Ephemeridum Theologicarum Lovaniensium$z90-6186-304-X$z90-6831-164-6$w()36418 996 $6245$aJes 6 und Ez 1,1 3,15 :$bVergleich und Funktion im jeweiligen reda .. [et al.]. Leuven : University Press ; Leuven : Uitgeverij Peet$9(OLS)http://semarc/title/378570 LEADER 00535nab a2200145 i 4500 001 000000305084 003 CaOOAMICUS 005 20180831172831.0 008 180831n it uu u0 0ita r 013 $a13115 040 $aSeMil$bita 100 1 $aBeltrami, Luca,$d<1854-1933>.$0(OLS)http://semarc/name/30093 245 14$a"Il musicista" di Leonardo da Vinci. - In :$bVarietà Vinciane. 773 0 $t[vedi periodico].$gp.[75]-80$w()265027 996 $6245$a"Il musicista" di Leonardo da Vinci. - In :$bVarietà Vinciane.$9(OLS)http://semarc/title/380778